Welcome to CU Library Online Public Access Catalogue (OPAC)

Essentials of human anatomy & physiology / (Record no. 8526)

MARC details
000 -LEADER
fixed length control field 00790cam a22002534a 4500
001 - CONTROL NUMBER
control field 13737356
005 - DATE AND TIME OF LATEST TRANSACTION
control field 20251209154519.0
008 - FIXED-LENGTH DATA ELEMENTS--GENERAL INFORMATION
fixed length control field 041001s2006 caua 001 0 eng
020 ## - INTERNATIONAL STANDARD BOOK NUMBER
International Standard Book Number 0805373284
Qualifying information text
020 ## - INTERNATIONAL STANDARD BOOK NUMBER
International Standard Book Number 0805373276
Qualifying information package
020 ## - INTERNATIONAL STANDARD BOOK NUMBER
International Standard Book Number 9780805373288
Qualifying information (text)
020 ## - INTERNATIONAL STANDARD BOOK NUMBER
International Standard Book Number 9780805373271
Qualifying information (package)
050 00 - LIBRARY OF CONGRESS CALL NUMBER
Classification number QP34.5
Item number .M264 2006
082 00 - DEWEY DECIMAL CLASSIFICATION NUMBER
Classification number 612
Edition information 22
100 1# - MAIN ENTRY--PERSONAL NAME
Personal name Marieb, Elaine Nicpon,
Dates associated with a name 1936-
245 10 - TITLE STATEMENT
Title Essentials of human anatomy & physiology /
Statement of responsibility, etc. Elaine N. Marieb.
250 ## - EDITION STATEMENT
Edition statement 8th ed.
260 ## - PUBLICATION, DISTRIBUTION, ETC.
Place of publication, distribution, etc. San Francisco :
Name of publisher, distributor, etc. Pearson/Benjamin Cummings,
Date of publication, distribution, etc. c2006.
300 ## - PHYSICAL DESCRIPTION
Extent xviii, 606 p. :
Other physical details col. ill. ;
Dimensions 28 cm. +
Accompanying material 1 CD-ROM (4 3/4 in.)
500 ## - GENERAL NOTE
General note Includes index.
650 #0 - SUBJECT ADDED ENTRY--TOPICAL TERM
Topical term or geographic name entry element Human physiology.
650 #0 - SUBJECT ADDED ENTRY--TOPICAL TERM
Topical term or geographic name entry element Human anatomy.
942 ## - ADDED ENTRY ELEMENTS (KOHA)
Source of classification or shelving scheme Library of Congress Classification
Koha item type Books
Edition 8th ed.
Suppress in OPAC No
999 ## -
-- 8526
-- 8526
Holdings
Withdrawn status Lost status Source of classification or shelving scheme Damaged status Not for loan Collection Home library Current library Shelving location Date acquired Total checkouts Full call number Barcode Date last seen Copy number Price effective from Koha item type
    Library of Congress Classification     Non-fiction Science Library (Miotso) Science Library (Miotso) Reference 12/09/2025   QP34.5 .M264 MAR SLM00006554 12/09/2025 1 12/09/2025 Books
© 2023-2024 Copyright: Central University Libraries. All Rights Reserved | Created by: Mahone Tech Office